Statistiques concernant Quiz Voiture: trouvez la marque en fonction de la voiture #6

Cliquez ici pour prendre le quiz!

Statistiques générales

  • Ce quiz a été pris 127 fois
  • Le résultat moyen est 6 sur 16

Statistiques - réponses

Réponse% Correct
Alpina
80%
Brabus
79%
Isuzu
76%
Aixam
63%
Ginetta
53%
PGO
47%
Zenvo
36%
Rover
34%
Donkervoort
21%
Fisker
20%
De Tomaso
18%
Marussia
18%
Tatra
5%
Panoz
3%
Qoros
3%
Chery
2%

Distribution des résultats

Percentile par nombre de réponses

% des personnes avec chaque résultat

Votre développement - résultats

Vous n’avez pas pris ce quiz